| 000 -CABECERA |
| Longitud fija campo de control |
00730nam a2200205 a 4500 |
| 003 - IDENTIFICADOR DEL NÚMERO DE CONTROL |
| Identificador del número de control |
OSt |
| 005 - FECHA Y HORA DE LA ÚLTIMA TRANSACCIÓN |
| Fecha y hora de la última transacción |
20211117123942.0 |
| 008 - CÓDIGOS DE INFORMACIÓN DE LONGITUD FIJA |
| Códigos de información de longitud fija |
061221s2006 sp o || o000 |bcat| |
| 017 ## - NÚMERO DE COPYRIGHT O DE DEPÓSITO LEGAL |
| Número de copyright o de depósito legal |
DL Gi. 0269-2006 |
| 020 ## - NÚMERO INTERNACIONAL NORMALIZADO PARA LIBROS |
| Número Internacional Normalizado para Libros (ISBN) |
8495187876 |
| 040 ## - FUENTE DE LA CATALOGACIÓN |
| Centro catalogador de origen |
CDMR |
| Centro transcriptor |
0 |
| Lengua de catalogación |
cat |
| 080 ## - NÚMERO DE LA CLASIFICACIÓN DECIMAL UNIVERSAL |
| Número de la Clasificación Decimal Universal |
929Fontbernat i Verdaguer, Josep |
| 245 00 - MENCIÓN DE TÍTULO |
| Título |
Josep Fontbernat i Verdaguer : |
| Resto del título |
(1896-1977) imatges i documents / |
| Mención de responsabilidad, etc. |
pròleg de Montserrat Vayreda ; epíleg de Dani Vivern ; il·lustracions de Xavier Thibout |
| 260 ## - PUBLICACIÓN, DISTRIBUCIÓN, ETC. (PIE DE IMPRENTA) |
| Lugar de publicación, distribución, etc. |
Girona : |
| Nombre del editor, distribuidor, etc. |
Diputació de Girona, |
| Fecha de publicación, distribución, etc. |
2006 |
| 300 ## - DESCRIPCIÓN FÍSICA |
| Extensión |
215 p. : |
| Otras características físicas |
il. ; |
| Dimensiones |
21 cm |
| 490 ## - MENCIÓN DE SERIE |
| Mención de serie |
Col·lecció Josep Pla ; |
| Designación de volumen o secuencia |
17 |
| 600 #0 - PUNTO DE ACCESO ADICIONAL DE MATERIA - NOMBRE DE PERSONA |
| Nombre de persona |
Fontbernat, Josep |
| 9 (RLIN) |
4706 |
| 650 #0 - PUNTO DE ACCESO ADICIONAL DE MATERIA - TÉRMINO DE MATERIA |
| 9 (RLIN) |
3105 |
| Término de materia o nombre geográfico como elemento inicial |
Radiodifusió |
| Subdivisión de materia general |
Biografies |
| Subdivisión geográfica |
Catalunya |
| 942 ## - ENTRADA DE ELEMENTOS AGREGADOS (KOHA) |
| Fuente de clasificaión o esquema |
|
| Koha [por defecto] tipo de item |
Monografies |